000
00345nam a2200157Ia 4500
100
_a
Oxford
650
_a
Dictionary
490
_v
1
942
_c
RB
654
_a
Language reference
245
_a
Oxford Language Reference
260
_b
Oxford university press
_a
Mumbai
_c
2001
082
_a
025/OXF
_b
OXF
546
_a
ENGLISH
999
_c
31498
_d
31498